MARC

LEADER 00000nam0a2200000 4500
001 280226
005 20231101235302.0
020 |a RU  |b 86-60585 
035 |a (RuTPU)RU\TPU\book\303535 
090 |a 280226 
100 |a 20141226d1986 km y0rusy5003 ca 
101 0 |a rus 
102 |a RU 
105 |a a z 001zy 
200 1 |a Вычислительные методы в математической физике  |f под ред. А. А. Самарского 
210 |a Москва  |c Изд-во МГУ  |d 1986 
215 |a 148 с.  |c ил.  |d 22 см 
320 |a Библиогр.: с. 145-147 (32 назв.) 
606 1 |a Математическая физика  |2 stltpush  |3 (RuTPU)RU\TPU\subj\41221  |9 61028 
610 1 |a вычислительные методы 
610 1 |a газовая динамика 
610 1 |a нелинейная оптика 
610 1 |a разностные схемы 
610 1 |a уравнение Больцмана 
610 1 |a задача Коши 
610 1 |a неустойчивые задачи 
610 1 |a гетерогенно-каталитические процессы 
610 1 |a математическое моделирование 
610 1 |a монографии 
675 |a 53:51  |z rus  |v 4 
702 1 |a Самарский  |b А. А.  |g Александр Андреевич  |4 340 
801 0 |a RU  |b RuMRKP  |c 19950704  |g psbo 
801 1 |a RU  |b 63413507  |c 20141226 
801 2 |a RU  |b 63413507  |c 20180207  |g RCR 
942 |c BK